[Event "34th Olympiad"]
[Site "Istanbul TUR"]
[Date "2000.11.04"]
[Round "7"]
[White "Zjukin, S."]
[Black "Nikolaidis, I."]
[Result "1/2-1/2"]
[WhiteElo "2402"]
[BlackElo "2512"]
[PlyCount "30"]
[EventDate "2000.10.28"]

1. e4 c5 2. Nf3 Nc6 3. d4 cxd4 4. Nxd4 Nf6 5. Nc3 d6 6. Bg5 e6 7. Qd2 Be7 8.
O-O-O Nxd4 9. Qxd4 O-O 10. f4 Qa5 11. Bc4 Bd7 12. e5 dxe5 13. fxe5 Bc6 14. Bd2
Nd7 15. Nd5 Qd8 1/2-1/2

[Event "34th Olympiad"]
[Site "Istanbul TUR"]
[Date "2000.11.07"]
[Round "10"]
[White "Datu, I."]
[Black "Zjukin, S."]
[Result "1/2-1/2"]
[WhiteElo "2345"]
[BlackElo "2402"]
[PlyCount "66"]
[EventDate "2000.10.28"]

1. c4 Nf6 2. Nc3 d5 3. cxd5 Nxd5 4. g3 g6 5. Bg2 Nxc3 6. dxc3 Qxd1+ 7. Kxd1 Nd7
8. Kc2 e5 9. e4 b6 10. Be3 Bb7 11. Rd1 Bc5 12. Bxc5 Nxc5 13. f3 a5 14. Nh3 Ke7
15. Nf2 Rhd8 16. Ng4 f6 17. Ne3 c6 18. Rhe1 Ba6 19. Bf1 Rxd1 20. Rxd1 Bxf1 21.
Rxf1 b5 22. Rd1 Ne6 23. Kd2 h5 24. Ke2 Nc5 25. Rd2 Rh8 26. Nd1 h4 27. g4 Rd8
28. Rxd8 Kxd8 29. Kd2 Ke7 30. Ne3 Ne6 31. Ng2 h3 32. Ne1 Kd6 33. Nd3 g5 1/2-1/2

[Event "34th Olympiad"]
[Site "Istanbul TUR"]
[Date "2000.11.09"]
[Round "12"]
[White "Zjukin, S."]
[Black "Cummings, D."]
[Result "1/2-1/2"]
[WhiteElo "2402"]
[BlackElo "2371"]
[PlyCount "60"]
[EventDate "2000.10.28"]

1. e4 c5 2. Nf3 e6 3. d4 cxd4 4. Nxd4 Nc6 5. Nb5 d6 6. c4 Nf6 7. N1c3 a6 8. Na3
Be7 9. Be2 O-O 10. O-O b6 11. Be3 Ne5 12. f3 Bb7 13. Qd4 Ned7 14. Rfd1 Re8 15.
Qd2 Rc8 16. Bf1 d5 17. exd5 exd5 18. Nxd5 Nxd5 19. cxd5 Bd6 20. Bf4 Bxf4 21.
Qxf4 b5 22. d6 Nf6 23. Rd2 Nd5 24. Qg3 Re6 25. Bd3 Rxd6 26. Rad1 Qb6+ 27. Qf2
Qxf2+ 28. Kxf2 g6 29. Be4 Rcd8 30. g4 Kf8 1/2-1/2

[Event "34th Olympiad"]
[Site "Istanbul TUR"]
[Date "2000.11.12"]
[Round "14"]
[White "Zjukin, S."]
[Black "Cramling, P."]
[Result "1-0"]
[WhiteElo "2402"]
[BlackElo "2484"]
[PlyCount "87"]
[EventDate "2000.10.28"]

1. e4 c5 2. Nf3 e6 3. d4 cxd4 4. Nxd4 Nc6 5. Nb5 d6 6. c4 Nf6 7. N1c3 a6 8. Na3
Be7 9. Be2 O-O 10. O-O b6 11. Be3 Ne5 12. f3 Bb7 13. Qb3 Ned7 14. Rfd1 Qc7 15.
Rac1 Rac8 16. Bf1 Qb8 17. Kh1 Bd8 18. Bg1 h5 19. Nc2 h4 20. Nd4 Re8 21. a4 Ne5
22. h3 Nh5 23. Nce2 g6 24. Qa2 Qa8 25. Bh2 Bf6 26. b3 Rc5 27. Nc2 Qb8 28. Ne3
Be7 29. b4 Rcc8 30. a5 bxa5 31. Qxa5 Bg5 32. f4 Bd8 33. Qa4 Nc6 34. f5 Bc7 35.
fxg6 fxg6 36. Ng4 Rf8 37. Qb3 Rce8 38. b5 axb5 39. cxb5 Ne5 40. Nxe5 dxe5 41.
b6 Bd8 42. Nd4 Bc8 43. Rxc8 Qxc8 44. b7 1-0

[Event "34th Olympiad Women"]
[Site "Istanbul TUR"]
[Date "2000.10.30"]
[Round "3"]
[White "Shabanaj, E."]
[Black "Tsiganova, M."]
[Result "0-1"]
[WhiteElo "2176"]
[BlackElo "2225"]
[PlyCount "80"]
[EventDate "2000.10.28"]

1. d4 Nf6 2. c4 e6 3. Nf3 b6 4. e3 Bb7 5. Bd3 d5 6. O-O Bd6 7. Nc3 O-O 8. b3
Nbd7 9. Bb2 a6 10. Nd2 c5 11. Rc1 Rc8 12. Re1 cxd4 13. exd4 Bf4 14. g3 dxc4 15.
bxc4 Nc5 16. Bb1 Qxd4 17. gxf4 Qxf4 18. Ne2 Qg4+ 19. Ng3 Qh3 20. f3 Rcd8 21.
Bxf6 gxf6 22. Qe2 f5 23. Rcd1 Kh8 24. Ndf1 Rde8 25. Rd6 Qg4 26. Bxf5 Qf4 27.
Rxb6 Bxf3 28. Qb2+ f6 29. Bb1 Ba8 30. Qc2 Rf7 31. Qf2 Qc7 32. Rb2 Rg8 33. Rbe2
f5 34. Qd4+ Rfg7 35. Re5 Qb7 36. R5e2 Qh1+ 37. Kf2 Qf3+ 38. Kg1 f4 39. Qxc5
Qh1+ 40. Kf2 Qg2# 0-1

[Event "34th Olympiad Women"]
[Site "Istanbul TUR"]
[Date "2000.11.05"]
[Round "8"]
[White "Tsiganova, M."]
[Black "Foisor, C."]
[Result "0-1"]
[WhiteElo "2225"]
[BlackElo "2386"]
[PlyCount "106"]
[EventDate "2000.10.28"]

1. d4 d6 2. Nf3 g6 3. c4 Bg7 4. Nc3 Nd7 5. Bg5 f6 6. Bh4 e5 7. e4 Nh6 8. dxe5
dxe5 9. Be2 Nf7 10. Qc2 c6 11. O-O O-O 12. b4 Qe7 13. c5 Rd8 14. Rfd1 Nf8 15.
Rxd8 Qxd8 16. Bc4 Be6 17. Rd1 Qe7 18. Na4 Bxc4 19. Qxc4 Qe6 20. Nb2 b5 21. cxb6
axb6 22. Qxe6 Nxe6 23. a4 g5 24. Bg3 Bf8 25. Rc1 Nfd8 26. h4 g4 27. Nh2 h5 28.
a5 Nd4 29. Kf1 bxa5 30. bxa5 Rxa5 31. Nc4 Rc5 32. f3 Bh6 33. Rc3 Bd2 34. Rd3
Rxc4 35. Rxd2 Rc1+ 36. Kf2 N8e6 37. Nf1 gxf3 38. gxf3 Nxf3 39. Kxf3 Rxf1+ 40.
Bf2 Rc1 41. Be3 Rc3 42. Rd6 Kf7 43. Rd7+ Kg6 44. Ke2 Nc5 45. Bxc5 Rxc5 46. Rc7
Rc3 47. Kd2 Rh3 48. Rxc6 Rxh4 49. Ke3 Rf4 50. Rc8 h4 51. Rg8+ Kh5 52. Rg7 h3
53. Rg8 Kh4 0-1

[Event "34th Olympiad Women"]
[Site "Istanbul TUR"]
[Date "2000.11.06"]
[Round "9"]
[White "Batceceg, T."]
[Black "Tsiganova, M."]
[Result "0-1"]
[WhiteElo "2237"]
[BlackElo "2225"]
[PlyCount "110"]
[EventDate "2000.10.28"]

1. Nf3 Nf6 2. c4 c5 3. g3 b6 4. Bg2 Bb7 5. Nc3 e6 6. O-O Be7 7. Re1 d6 8. e4 a6
9. d4 cxd4 10. Nxd4 Qc7 11. Be3 O-O 12. Rc1 Nbd7 13. f4 Rfd8 14. Bf2 Bf8 15. b3
Rac8 16. Qe2 Qb8 17. h3 Qa8 18. Kh2 Nc5 19. b4 Ncd7 20. a3 Rc7 21. Bf1 g6 22.
g4 Bg7 23. Nf3 b5 24. Nd2 bxc4 25. Bg3 d5 26. e5 Ne8 27. Nf3 d4 28. Ne4 Nb6 29.
Bf2 d3 30. Qd2 Bxe4 31. Bxb6 c3 32. Rxc3 Rxc3 33. Qxc3 Rc8 34. Bc5 Bxf3 35.
Qxd3 Nc7 36. Rc1 Nb5 37. a4 Nc7 38. Bd6 Bc6 39. Bxc7 Rxc7 40. Qxa6 Qe8 41. Qb6
Rc8 42. Ba6 Bb7 43. Rxc8 Bxc8 44. b5 Bf8 45. Qb8 Bd7 46. Qc7 Be7 47. b6 Qd8 48.
a5 Be8 49. Bb7 Qd2+ 50. Kg3 Qe3+ 51. Bf3 Qe1+ 52. Kg2 Bh4 53. Qc2 Qg3+ 54. Kh1
Qxf3+ 55. Qg2 Qxg2+ 0-1

[Event "34th Olympiad Women"]
[Site "Istanbul TUR"]
[Date "2000.11.07"]
[Round "10"]
[White "Tsiganova, M."]
[Black "Caoili, A."]
[Result "0-1"]
[WhiteElo "2225"]
[BlackElo "2113"]
[PlyCount "122"]
[EventDate "2000.10.28"]

1. d4 d5 2. c4 c6 3. Nf3 Nf6 4. e3 e6 5. Nbd2 Nbd7 6. b3 a6 7. Bd3 c5 8. O-O
Bd6 9. Qe2 O-O 10. Bb2 Qc7 11. Rac1 Qb8 12. dxc5 Bxc5 13. cxd5 Nxd5 14. Bxh7+
Kxh7 15. Ng5+ Kg8 16. Rxc5 f6 17. Nxe6 Nxc5 18. Nxc5 b6 19. Qc4 Rd8 20. Nce4
Be6 21. Qe2 Qc7 22. Nf3 Rac8 23. Nd4 Bf7 24. Qg4 Qd7 25. Qg3 b5 26. h3 Bh5 27.
Qh4 Bg6 28. Nd2 Kf7 29. Qg3 Qd6 30. f4 Bd3 31. Rf2 Re8 32. e4 Bxe4 33. Nxe4
Rxe4 34. Nf5 Qf8 35. Rd2 Rd8 36. Qf3 Qe8 37. Qg4 g6 38. Qh4 gxf5 39. Rxd5 Qh8
40. Qxh8 Rxh8 41. Rxf5 Re6 42. Rd5 Re2 43. Bd4 Rxa2 44. f5 Rh5 45. b4 Rd2 46.
Rd7+ Ke8 47. Rd5 Rh7 48. Rd6 Re7 49. Bc5 Rxd6 50. Bxd6 Rd7 51. Bc5 Rd5 52. Kf2
Rxf5+ 53. Ke3 a5 54. g4 Re5+ 55. Kd3 a4 56. h4 Kf7 57. Kc2 Re2+ 58. Kd3 Rh2 59.
g5 f5 60. Kd4 Rxh4+ 61. Kc3 Rg4 0-1

[Event "34th Olympiad Women"]
[Site "Istanbul TUR"]
[Date "2000.11.09"]
[Round "12"]
[White "Burijovich, L."]
[Black "Tsiganova, M."]
[Result "0-1"]
[WhiteElo "2182"]
[BlackElo "2225"]
[PlyCount "80"]
[EventDate "2000.10.28"]

1. e4 c6 2. d4 d5 3. Nd2 dxe4 4. Nxe4 Nd7 5. Nf3 Ngf6 6. Nxf6+ Nxf6 7. Ne5 e6
8. c3 Bd6 9. Bd3 Qc7 10. Qe2 a6 11. Bd2 c5 12. O-O O-O 13. Kh1 b5 14. Bg5 Nd5
15. Qe4 f5 16. Qe2 Bxe5 17. dxe5 c4 18. Bc2 Bb7 19. Bd2 Rad8 20. f4 Rd7 21. a4
Rfd8 22. Bc1 b4 23. cxb4 Nxb4 24. Be3 Qc6 25. Rac1 a5 26. Bb1 Nd3 27. Bxd3 Rxd3
28. Rc3 Qxa4 29. Rxd3 Rxd3 30. Bc5 Qc6 31. Bg1 Qd5 32. Rf2 h6 33. Qc2 Kh7 34.
Re2 Bc6 35. Be3 Rd1+ 36. Bg1 Qd3 37. Rf2 Be4 38. Qxd3 cxd3 39. h3 d2 40. Kh2
Rxg1 0-1

[Event "34th Olympiad Women"]
[Site "Istanbul TUR"]
[Date "2000.11.10"]
[Round "13"]
[White "Misanovic, V."]
[Black "Tsiganova, M."]
[Result "1/2-1/2"]
[WhiteElo "2384"]
[BlackElo "2225"]
[PlyCount "79"]
[EventDate "2000.10.28"]

1. d4 Nf6 2. c4 e6 3. Nf3 b6 4. a3 Ba6 5. e3 d5 6. b3 Bb7 7. Bb2 Be7 8. Bd3 O-O
9. O-O Nbd7 10. Nc3 c5 11. Rc1 Ne4 12. Bb1 Rc8 13. dxc5 Ndxc5 14. cxd5 Nxc3 15.
Bxc3 Qxd5 16. b4 Qxd1 17. Rcxd1 Na4 18. Ba1 Bd5 19. e4 Bc4 20. Rfe1 Rfd8 21.
Rxd8+ Bxd8 22. Rc1 b5 23. h3 a5 24. Ne5 axb4 25. axb4 Bg5 26. Re1 Bd2 27. Rd1
Bxb4 28. Rd7 Bb3 29. Bd4 f6 30. Nd3 Bc3 31. Be3 Bc4 32. Bc2 Bxd3 33. Bxd3 Nc5
34. Bxc5 Rxc5 35. Kf1 h6 36. Bc2 Kh7 37. Bb3 e5 38. Rd5 Bd4 39. Rxc5 Bxc5 40.
Bf7 1/2-1/2

[Event "34th Olympiad Women"]
[Site "Istanbul TUR"]
[Date "2000.11.12"]
[Round "14"]
[White "Tsiganova, M."]
[Black "Nepeina Leconte, M."]
[Result "1/2-1/2"]
[WhiteElo "2225"]
[BlackElo "2289"]
[PlyCount "55"]
[EventDate "2000.10.28"]

1. d4 d5 2. c4 e6 3. Nc3 c5 4. e3 Nc6 5. Nf3 Nf6 6. cxd5 exd5 7. Bb5 Bd6 8.
dxc5 Bxc5 9. O-O O-O 10. Bxc6 bxc6 11. Nd4 Bd6 12. h3 Bc7 13. Qc2 Qd6 14. Nf3
Re8 15. Rd1 Ne4 16. Nxe4 Rxe4 17. Qxe4 dxe4 18. Rxd6 Bxd6 19. Nd2 Bf5 20. Nc4
Bc7 21. Bd2 Be6 22. Ba5 Bxc4 23. Bxc7 Rc8 24. Ba5 Bd5 25. b3 f6 26. Rc1 Rb8 27.
Rc5 Rb5 28. Rxb5 1/2-1/2

[Event "34th Olympiad Women"]
[Site "Istanbul TUR"]
[Date "2000.10.30"]
[Round "3"]
[White "Fomina, T."]
[Black "Gjergji, R."]
[Result "1-0"]
[WhiteElo "2266"]
[BlackElo "2055"]
[PlyCount "153"]
[EventDate "2000.10.28"]

1. e4 e5 2. Nf3 Nc6 3. Bb5 a6 4. Ba4 d6 5. c3 Nf6 6. Qe2 Bg4 7. h3 Bh5 8. d3
Be7 9. Nbd2 Qd7 10. Nf1 h6 11. Ne3 O-O 12. Nf5 Bg6 13. N3h4 d5 14. Bb3 Kh7 15.
O-O dxe4 16. dxe4 Rfd8 17. Bc2 Ne8 18. Be3 Nd6 19. Nxg6 fxg6 20. Nxe7 Qxe7 21.
b4 Nb5 22. Qe1 Na3 23. Bb3 a5 24. Bc5 Qf6 25. Rd1 b6 26. Be3 axb4 27. cxb4 Nd4
28. Bxd4 exd4 29. Qe2 c5 30. Bd5 Ra4 31. Qb2 cxb4 32. Qb3 b5 33. Rd2 Rc8 34.
Rfd1 Rc3 35. Qb2 Nc4 36. Bxc4 Rxc4 37. Rd3 Ra8 38. Qe2 Rd8 39. e5 Qc6 40. R1d2
Qd5 41. f4 Qc5 42. Qe4 Rc3 43. Kh2 Rxd3 44. Rxd3 Qc2 45. Rxd4 Qxe4 46. Rxe4 Ra8
47. Rxb4 Rxa2 48. Rxb5 Re2 49. Kg3 Kg8 50. Kf3 Re1 51. g4 Kf7 52. f5 gxf5 53.
gxf5 Rf1+ 54. Ke4 Re1+ 55. Kd5 Rf1 56. Rb7+ Kg8 57. Ke6 Rf3 58. h4 Rf4 59. h5
Rh4 60. f6 gxf6 61. Rb8+ Kh7 62. Rb7+ Kg8 63. Kxf6 Rf4+ 64. Kg6 Kf8 65. Kxh6
Rg4 66. Rb6 Kf7 67. Rg6 Rf4 68. Kg5 Re4 69. e6+ Ke7 70. h6 Re5+ 71. Kg4 Re1 72.
Rg5 Rh1 73. Rh5 Rg1+ 74. Kf5 Rf1+ 75. Kg6 Rg1+ 76. Rg5 Rh1 77. Kg7 1-0

[Event "34th Olympiad Women"]
[Site "Istanbul TUR"]
[Date "2000.11.01"]
[Round "5"]
[White "Shahade, J."]
[Black "Fomina, T."]
[Result "0-1"]
[WhiteElo "2238"]
[BlackElo "2266"]
[PlyCount "64"]
[EventDate "2000.10.28"]

1. e4 e6 2. d4 d5 3. Nd2 dxe4 4. Nxe4 Nd7 5. Nf3 Ngf6 6. Nxf6+ Nxf6 7. Bg5 Be7
8. Bd3 O-O 9. Qe2 h6 10. h4 c5 11. Bxf6 Bxf6 12. O-O-O Qc7 13. Qe4 Rd8 14. dxc5
Bd7 15. Kb1 Qxc5 16. g4 Bc6 17. Qh7+ Kf8 18. g5 Bxb2 19. Kxb2 Qb4+ 20. Kc1 Bxf3
21. Qh8+ Ke7 22. Qxg7 Qf4+ 23. Kb1 hxg5 24. hxg5 Bxh1 25. Rxh1 Rg8 26. Qb2 Rad8
27. g6 Qd4 28. Qa3+ Qd6 29. Qxa7 Qb4+ 30. Kc1 Rxd3 31. cxd3 Rc8+ 32. Kd1 Qb1+
0-1

[Event "34th Olympiad Women"]
[Site "Istanbul TUR"]
[Date "2000.11.02"]
[Round "6"]
[White "Vovk, O."]
[Black "Fomina, T."]
[Result "0-1"]
[WhiteElo "2093"]
[BlackElo "2266"]
[PlyCount "66"]
[EventDate "2000.10.28"]

1. c4 e6 2. Nc3 b6 3. e4 e5 4. Nf3 Nc6 5. d4 exd4 6. Nxd4 Nge7 7. Nc2 Ng6 8. g3
Bc5 9. Be3 O-O 10. Bg2 d6 11. O-O Be6 12. b3 Qd7 13. Nd5 a5 14. Qd2 Bxd5 15.
cxd5 Nce7 16. Bxc5 bxc5 17. Ne3 Qb5 18. f4 Qb4 19. Qf2 a4 20. bxa4 Rxa4 21. f5
Ne5 22. f6 gxf6 23. Qxf6 Qd4 24. Qg5+ N5g6 25. Kh1 f6 26. Qh6 Qe5 27. Nf5 Rf7
28. Qc1 Nxf5 29. Rxf5 Qd4 30. Rf1 Ne5 31. Rd1 Nd3 32. Qd2 Nf2+ 33. Kg1 Nxd1+
0-1

[Event "34th Olympiad Women"]
[Site "Istanbul TUR"]
[Date "2000.11.05"]
[Round "8"]
[White "Cosma, E."]
[Black "Fomina, T."]
[Result "0-1"]
[WhiteElo "2360"]
[BlackElo "2266"]
[PlyCount "114"]
[EventDate "2000.10.28"]

1. d4 d5 2. c4 Nc6 3. cxd5 Qxd5 4. e3 e5 5. Nc3 Bb4 6. Bd2 Bxc3 7. Bxc3 exd4 8.
Ne2 Nge7 9. Nxd4 O-O 10. Nxc6 Qxc6 11. Qd4 Nf5 12. Qf4 Re8 13. Bd3 Qd6 14. Qxd6
Nxd6 15. Ke2 Ne4 16. Bb4 a5 17. Be1 Nc5 18. Bc4 Be6 19. Rc1 Bxc4+ 20. Rxc4 Ne6
21. Ra4 c5 22. Rxa5 Rxa5 23. Bxa5 Ra8 24. Bc3 Rxa2 25. Kd3 b5 26. Kc2 b4 27.
Bd2 Kf8 28. Rd1 Ke7 29. Be1 Ra6 30. f3 Rd6 31. Ra1 Rd7 32. Ra6 Kd8 33. Bg3 Kc8
34. b3 Kb7 35. Rd6 Rxd6 36. Bxd6 Kc6 37. Bg3 Nd8 38. e4 Nb7 39. Be5 g6 40. g4
Kb5 41. h4 c4 42. h5 Nc5 43. bxc4+ Kxc4 44. hxg6 hxg6 45. Kd2 g5 46. Bf6 Ne6
47. Ke3 Kb3 48. Kd3 Ka2 49. Kc4 b3 50. Kd5 b2 51. Bxb2 Kxb2 52. Ke5 Kc3 53. Kf6
Kd4 54. Kxf7 Ke5 55. Kg6 Kf4 56. Kf6 Nc5 57. Kg6 Nd7 0-1

[Event "34th Olympiad Women"]
[Site "Istanbul TUR"]
[Date "2000.11.06"]
[Round "9"]
[White "Fomina, T."]
[Black "Mongontuul, B."]
[Result "0-1"]
[WhiteElo "2266"]
[BlackElo "2110"]
[PlyCount "122"]
[EventDate "2000.10.28"]

1. d4 Nf6 2. Nc3 d5 3. Bg5 Nbd7 4. Qd2 e6 5. e3 c5 6. Bb5 h6 7. Bxf6 Qxf6 8.
Nf3 Bd6 9. O-O O-O 10. Rfe1 Nb6 11. Bd3 c4 12. Bf1 Bb4 13. e4 Kh8 14. a3 Ba5
15. e5 Qe7 16. b4 cxb3 17. cxb3 Bxc3 18. Qxc3 Bd7 19. Bd3 Rfc8 20. Qd2 Rc7 21.
Rec1 Rxc1+ 22. Qxc1 Rc8 23. Qd2 a6 24. a4 Rc7 25. g4 Be8 26. h4 Nd7 27. Kg2 f6
28. g5 fxe5 29. Nxe5 Nxe5 30. dxe5 h5 31. Re1 g6 32. Re3 d4 33. Re1 Qc5 34. Be4
Qc3 35. Re2 b5 36. axb5 axb5 37. Qd1 Bc6 38. Bxc6 Qxc6+ 39. f3 Qd5 40. Rd2 Rd7
41. Qe2 Qxb3 42. Rb2 Qc4 43. Qe4 Kg7 44. Qf4 Rf7 45. Qe4 d3 46. Rd2 Rd7 47. Kg3
Qc1 48. Qe3 Qb1 49. Kf2 Qh1 50. Kg3 Qf1 51. Qf2 Qb1 52. Qb6 Qe1+ 53. Qf2 Qxe5+
54. f4 Qf5 55. Qf3 b4 56. Kf2 b3 57. Qe3 Rf7 58. Qd4+ e5 59. Qxd3 Qxd3 60. Rxd3
Rxf4+ 61. Ke3 Rb4 0-1

[Event "34th Olympiad Women"]
[Site "Istanbul TUR"]
[Date "2000.11.07"]
[Round "10"]
[White "Mendoza, B."]
[Black "Fomina, T."]
[Result "1/2-1/2"]
[WhiteElo "2098"]
[BlackElo "2266"]
[PlyCount "128"]
[EventDate "2000.10.28"]

1. e4 c5 2. Nc3 Nc6 3. g3 Rb8 4. Bg2 b5 5. d3 b4 6. Nd5 e6 7. Ne3 Qc7 8. Ne2
Nf6 9. O-O Be7 10. f4 d6 11. Kh1 a5 12. g4 h6 13. Ng3 Nd7 14. f5 Nce5 15. Nh5
Rg8 16. fxe6 fxe6 17. Bd2 Nf6 18. g5 hxg5 19. Nxf6+ Bxf6 20. Ng4 Nxg4 21. Qxg4
Qe7 22. e5 dxe5 23. Rae1 Rh8 24. Qe4 Bb7 25. Qg6+ Qf7 26. Qxf7+ Kxf7 27. Rxe5
Bxg2+ 28. Kxg2 Rbc8 29. Bxg5 c4 30. d4 c3 31. b3 Rhd8 32. Rxa5 Ra8 33. Rxa8
Rxa8 34. Be3 Rxa2 35. Rf2 Kg6 36. Kg3 Ra1 37. Kf3 Kf5 38. Ke2+ Ke4 39. Rg2 Kd5
40. Rg4 Ra8 41. Kd3 Rh8 42. Bg1 Rh7 43. Rf4 Rh3+ 44. Ke2 Bg5 45. Rg4 Bh6 46.
Rg6 Rh4 47. Kd3 Rf4 48. Ke2 Re4+ 49. Kd1 Be3 50. Bxe3 Rxe3 51. Rxg7 Rh3 52. Rg2
Kxd4 53. Rg4+ Ke3 54. Rg2 e5 55. Re2+ Kd4 56. Ke1 e4 57. Rg2 Re3+ 58. Re2 Rh3
59. Rg2 Rh4 60. Ke2 Rh3 61. Kf2 e3+ 62. Ke2 Rh4 63. Kf3 Rh3+ 64. Ke2 Ke5
1/2-1/2

[Event "34th Olympiad Women"]
[Site "Istanbul TUR"]
[Date "2000.11.08"]
[Round "11"]
[White "Fomina, T."]
[Black "Mateus, Mar"]
[Result "1-0"]
[WhiteElo "2266"]
[BlackElo "2318"]
[PlyCount "87"]
[EventDate "2000.10.28"]

1. d4 d5 2. Nc3 Nf6 3. Bg5 Bf5 4. e3 Nbd7 5. Bd3 Bxd3 6. cxd3 e6 7. e4 dxe4 8.
dxe4 Be7 9. Nf3 c6 10. O-O h6 11. Bh4 O-O 12. Qe2 Re8 13. Rad1 Qa5 14. h3 Rad8
15. g4 Nh7 16. Bxe7 Rxe7 17. Qe3 Nb6 18. b3 Qb4 19. Rd3 Red7 20. Ne2 c5 21. Ne5
cxd4 22. Qf4 Re7 23. Rfd1 f6 24. Ng6 Red7 25. e5 Kf7 26. exf6 Nd5 27. Ne5+ Kf8
28. Nxd7+ Rxd7 29. fxg7+ Kxg7 30. Qxd4+ Qxd4 31. Rxd4 Ng5 32. Kg2 Rf7 33. Rxd5
exd5 34. Rxd5 Ne6 35. Kg3 Rc7 36. Nd4 Rc3+ 37. f3 Nxd4 38. Rxd4 Rc7 39. Rd6 Rf7
40. h4 Rc7 41. h5 Kh7 42. Kf4 Rf7+ 43. Ke4 Re7+ 44. Kf5 1-0

[Event "34th Olympiad Women"]
[Site "Istanbul TUR"]
[Date "2000.11.09"]
[Round "12"]
[White "Fomina, T."]
[Black "Maggiolo, E."]
[Result "1-0"]
[WhiteElo "2266"]
[BlackElo "2115"]
[PlyCount "127"]
[EventDate "2000.10.28"]

1. d4 d6 2. e4 Nf6 3. Nc3 g6 4. Bc4 Nbd7 5. Nf3 Nb6 6. Bb3 Bg7 7. h3 O-O 8. Be3
e6 9. Qe2 Qe7 10. O-O a6 11. Rad1 d5 12. Bg5 h6 13. Bxf6 Qxf6 14. exd5 exd5 15.
Nxd5 Nxd5 16. Bxd5 c6 17. Bb3 Bf5 18. Ne5 Rad8 19. f4 Be6 20. c4 Kh7 21. Bc2
Bf5 22. g4 Bxc2 23. Qxc2 Qh4 24. Qg2 Bxe5 25. fxe5 Qe7 26. Qe4 Qb4 27. Qc2 Kg7
28. a3 Qe7 29. Qe4 Rfe8 30. Qf4 Rd7 31. Rde1 Kh7 32. Rf2 Qe6 33. c5 Ree7 34.
Qe4 Qc4 35. Rd2 Rd5 36. Qf4 Rdd7 37. h4 Qe6 38. h5 Rd8 39. hxg6+ Qxg6 40. Qf5
Rg8 41. Rg2 Rd8 42. Re4 Kg7 43. Qf6+ Kf8 44. Qh8+ Qg8 45. Qxh6+ Ke8 46. Rh2 Re6
47. Qh8 Ke7 48. Qxg8 Rxg8 49. Kf2 Reg6 50. Kf3 R8g7 51. Rf4 Ke6 52. Rh8 Rg8 53.
Rxg8 Rxg8 54. Rf6+ Ke7 55. Rh6 Rd8 56. Ke4 Rg8 57. Rh4 Ke6 58. b4 Rg6 59. a4
Rg8 60. Rh6+ Ke7 61. Kf5 Rd8 62. Rd6 Rh8 63. b5 axb5 64. axb5 1-0

[Event "34th Olympiad Women"]
[Site "Istanbul TUR"]
[Date "2000.11.10"]
[Round "13"]
[White "Fomina, T."]
[Black "Titova Boric, E."]
[Result "0-1"]
[WhiteElo "2266"]
[BlackElo "2207"]
[PlyCount "48"]
[EventDate "2000.10.28"]

1. d4 e6 2. Nf3 f5 3. Bg5 Be7 4. h4 Nf6 5. Nbd2 d5 6. e3 Nbd7 7. c4 Ne4 8. Bxe7
Qxe7 9. Bd3 c6 10. Qc2 O-O 11. a3 Kh8 12. b4 e5 13. cxd5 Nxd2 14. Nxd2 exd4 15.
dxc6 dxe3 16. cxd7 exd2+ 17. Kxd2 Bxd7 18. Rae1 Qf6 19. f4 Rac8 20. Qb3 Bc6 21.
Re5 Bxg2 22. Rg1 Be4 23. Qe6 Qxh4 24. Rf1 Qh2+ 0-1

[Event "34th Olympiad Women"]
[Site "Istanbul TUR"]
[Date "2000.11.12"]
[Round "14"]
[White "Te Llalemand, R."]
[Black "Fomina, T."]
[Result "1/2-1/2"]
[WhiteElo "2289"]
[BlackElo "2266"]
[PlyCount "73"]
[EventDate "2000.10.28"]

1. e4 c5 2. Nf3 e6 3. d4 cxd4 4. Nxd4 Nc6 5. Be2 Be7 6. Nc3 Qc7 7. Be3 Nf6 8.
O-O d6 9. f4 a6 10. Kh1 Bd7 11. Qe1 b5 12. a3 Nxd4 13. Bxd4 Bc6 14. Qg3 O-O 15.
Bd3 Rad8 16. Rae1 Qb7 17. Qh3 h6 18. Re3 b4 19. Rg3 Kh8 20. axb4 Qxb4 21. Ne2
Qb7 22. f5 Bxe4 23. fxe6 fxe6 24. Nf4 e5 25. Bxe4 Qxe4 26. Ng6+ Kh7 27. Nxf8+
Rxf8 28. Be3 Qxc2 29. Qe6 Qd3 30. Rgf3 e4 31. Qf5+ g6 32. Qe6 Bd8 33. Rxf6 Bxf6
34. Rxf6 Rxf6 35. Qxf6 Qxe3 36. Qf7+ Kh8 37. Qf8+ 1/2-1/2

[Event "34th Olympiad Women"]
[Site "Istanbul TUR"]
[Date "2000.10.29"]
[Round "2"]
[White "Bojkovic, N."]
[Black "Piarnpuu, L."]
[Result "1-0"]
[WhiteElo "2420"]
[BlackElo "2227"]
[PlyCount "89"]
[EventDate "2000.10.28"]

1. e4 e5 2. Nf3 Nc6 3. Bb5 a6 4. Ba4 Nf6 5. O-O Be7 6. Re1 b5 7. Bb3 O-O 8. h3
d6 9. c3 Nb8 10. d4 Nbd7 11. Nbd2 Bb7 12. Bc2 Re8 13. Nf1 Bf8 14. Ng3 g6 15. a4
Bg7 16. d5 Qb8 17. b3 c6 18. c4 bxc4 19. bxc4 a5 20. Be3 Qc7 21. Qd2 Ba6 22.
Bd3 Nc5 23. Bxc5 dxc5 24. Bf1 Red8 25. Rad1 Ne8 26. Qe3 cxd5 27. exd5 f6 28.
Ne4 Rac8 29. Nfd2 Nd6 30. Nxd6 Rxd6 31. Ne4 Rdd8 32. d6 Qa7 33. Rd5 f5 34. Nxc5
Bb7 35. Nxb7 Qxb7 36. Rb5 Qc6 37. c5 e4 38. Bc4+ Kf8 39. Be6 Ra8 40. Rd1 Qe8
41. Bd5 Rab8 42. Rxb8 Rxb8 43. c6 Be5 44. c7 Rb2 45. Qa7 1-0

[Event "34th Olympiad Women"]
[Site "Istanbul TUR"]
[Date "2000.11.01"]
[Round "5"]
[White "Piarnpuu, L."]
[Black "Epstein, E."]
[Result "1/2-1/2"]
[WhiteElo "2227"]
[BlackElo "2224"]
[PlyCount "56"]
[EventDate "2000.10.28"]

1. Nf3 g6 2. d4 Bg7 3. e4 d6 4. Nc3 Nf6 5. Be2 O-O 6. O-O a6 7. a4 Bg4 8. Be3
Nbd7 9. h3 Bxf3 10. Bxf3 c6 11. a5 e6 12. Qd2 d5 13. Bg5 dxe4 14. Bxe4 Qc8 15.
Bf3 Re8 16. Rfe1 Bf8 17. Na4 Nd5 18. c3 Bd6 19. b4 Qc7 20. Bxd5 exd5 21. Rxe8+
Rxe8 22. Re1 Qb8 23. Nb2 Nf8 24. Nd3 Rxe1+ 25. Qxe1 Ne6 26. Bf6 Ng7 27. Be5
Bxe5 28. Qxe5 Qxe5 1/2-1/2

[Event "34th Olympiad Women"]
[Site "Istanbul TUR"]
[Date "2000.11.02"]
[Round "6"]
[White "Piarnpuu, L."]
[Black "Peicheva, E."]
[Result "1/2-1/2"]
[WhiteElo "2227"]
[BlackElo "2162"]
[PlyCount "76"]
[EventDate "2000.10.28"]

1. Nf3 c5 2. c4 Nf6 3. Nc3 Nc6 4. d4 cxd4 5. Nxd4 g6 6. e4 Bg7 7. Be3 O-O 8.
Be2 d6 9. O-O Bd7 10. Qd2 Re8 11. f3 a6 12. Rac1 Rc8 13. Rfd1 Nxd4 14. Bxd4 Be6
15. b3 Qa5 16. Be3 Nd7 17. Bd4 Bxd4+ 18. Qxd4 Qc5 19. Qxc5 dxc5 20. f4 Nb8 21.
e5 Nc6 22. Bf3 Rc7 23. Bxc6 Rxc6 24. Rd2 Kf8 25. h3 Rb8 26. Rcd1 Rcc8 27. a4 b6
28. Kf2 h6 29. g4 Ke8 30. Ke3 Rd8 31. Nd5 Bxd5 32. Rxd5 Rxd5 33. Rxd5 Rd8 34.
Rxd8+ Kxd8 35. f5 e6 36. fxe6 fxe6 37. h4 Kd7 38. Kd3 a5 1/2-1/2

[Event "34th Olympiad Women"]
[Site "Istanbul TUR"]
[Date "2000.11.06"]
[Round "9"]
[White "Anhchimeg, B."]
[Black "Piarnpuu, L."]
[Result "1-0"]
[WhiteElo "2139"]
[BlackElo "2227"]
[PlyCount "107"]
[EventDate "2000.10.28"]

1. e4 c5 2. Nf3 Nc6 3. d4 cxd4 4. Nxd4 Nf6 5. Nc3 d6 6. Bg5 e6 7. Qd2 a6 8.
O-O-O Bd7 9. f3 b5 10. g4 Qc7 11. h4 Be7 12. Nxc6 Bxc6 13. Bg2 b4 14. Ne2 Rb8
15. Kb1 h6 16. Be3 Nd7 17. g5 h5 18. g6 Ne5 19. gxf7+ Kxf7 20. Bg5 Nc4 21. Qd4
Ba4 22. Rc1 Rhc8 23. Ka1 Ne5 24. Bh3 Qc5 25. Qd2 Bf6 26. Bxf6 gxf6 27. Nd4 Bd7
28. Rhg1 Rg8 29. Rxg8 Rxg8 30. Nb3 Qb6 31. Qh6 Rg3 32. f4 Nc4 33. Qxh5+ Ke7 34.
Bf1 Ne3 35. Bd3 Ng4 36. Qg6 Qe3 37. Qg7+ Kd8 38. f5 exf5 39. exf5 Kc7 40. Bxa6
Qf4 41. Rf1 Qe5 42. Qf7 Ne3 43. Rc1 Nxf5 44. Qc4+ Kb6 45. Bc8 Bxc8 46. Qxc8 Qf4
47. c3 bxc3 48. bxc3 Qe5 49. Nd2 Ka7 50. Nc4 Qc5 51. Qd7+ Ka6 52. Rb1 Qxc4 53.
Qb7+ Ka5 54. Qb6+ 1-0